<?xml version="1.0" encoding="UTF-8"?><?xml-stylesheet type="text/xsl" href="static/style.xsl"?><OAI-PMH xmlns="http://www.openarchives.org/OAI/2.0/" xmlns:xsi="http://www.w3.org/2001/XMLSchema-instance" xsi:schemaLocation="http://www.openarchives.org/OAI/2.0/ http://www.openarchives.org/OAI/2.0/OAI-PMH.xsd"><responseDate>2026-04-13T03:09:31Z</responseDate><request verb="GetRecord" identifier="oai:www.recercat.cat:2445/183891" metadataPrefix="marc">https://recercat.cat/oai/request</request><GetRecord><record><header><identifier>oai:recercat.cat:2445/183891</identifier><datestamp>2025-12-05T10:42:35Z</datestamp><setSpec>com_2072_1057</setSpec><setSpec>col_2072_478811</setSpec><setSpec>col_2072_478917</setSpec></header><metadata><record xmlns="http://www.loc.gov/MARC21/slim" xmlns:dcterms="http://purl.org/dc/terms/" xmlns:xsi="http://www.w3.org/2001/XMLSchema-instance" xmlns:doc="http://www.lyncode.com/xoai" xsi:schemaLocation="http://www.loc.gov/MARC21/slim http://www.loc.gov/standards/marcxml/schema/MARC21slim.xsd">
   <leader>00925njm 22002777a 4500</leader>
   <datafield ind2=" " ind1=" " tag="042">
      <subfield code="a">dc</subfield>
   </datafield>
   <datafield ind2=" " ind1=" " tag="720">
      <subfield code="a">Barcellos de Paula, Luciano</subfield>
      <subfield code="e">author</subfield>
   </datafield>
   <datafield ind2=" " ind1=" " tag="720">
      <subfield code="a">Gil Lafuente, Anna Maria</subfield>
      <subfield code="e">author</subfield>
   </datafield>
   <datafield ind2=" " ind1=" " tag="720">
      <subfield code="a">Castro-Rezende, Aline</subfield>
      <subfield code="e">author</subfield>
   </datafield>
   <datafield ind2=" " ind1=" " tag="260">
      <subfield code="c">2022-03-08T21:46:00Z</subfield>
   </datafield>
   <datafield ind2=" " ind1=" " tag="260">
      <subfield code="c">2022-03-08T21:46:00Z</subfield>
   </datafield>
   <datafield ind2=" " ind1=" " tag="260">
      <subfield code="c">2021-12</subfield>
   </datafield>
   <datafield ind2=" " ind1=" " tag="260">
      <subfield code="c">2022-03-08T21:46:00Z</subfield>
   </datafield>
   <datafield ind2=" " ind1=" " tag="520">
      <subfield code="a">La humanidad experimenta cambios intensos y frecuentes provocados por la pandemia causada por el COVID-19, lo que aumenta la incertidumbre y la complejidad en la toma de decisiones. Nuevos desafíos pasan ser urgentes, principalmente a los temas relacionados al envejecimiento de la población, ya que el coronavirus afecta más a los mayores que a los adultos. La necesidad de encontrar alternativas para preservar la calidad de vida y manutención laboral de los mayores pasan a ser grandes desafíos para la sociedad. En este contexto, la ciencia desempeña un papel importante en la propuesta de nuevas soluciones para resolver los problemas derivados de esta crisis, siendo esta la principal motivación. Los objetivos del articulo son conocer los efectos olvidados de la pandemia sobre los adultos mayores económicamente activos e indicar cómo la Lógica Difusa puede ayudar a reducir los riesgos facilitando la toma de decisiones. La principal contribución seria identificar correctamente sus causas y efectos, como, por ejemplo, la brecha digital y pérdida de empleo por este grupo etario, y apuntar medidas correctivas. La metodología del estudio se basa en la investigación aplicada, con un enfoque cuantitativo de modelización y simulación a través del uso de la Teoría de los Efectos Olvidados. Los resultados permiten predecir y actuar de manera más eficaz sobre los problemas, buscando aumentar el bienestar, empleabilidad y expectativa de vida de los mayores. El estudio destaca las futuras líneas de investigación sobre el tema.</subfield>
   </datafield>
   <datafield tag="653" ind2=" " ind1=" ">
      <subfield code="a">COVID-19</subfield>
   </datafield>
   <datafield tag="653" ind2=" " ind1=" ">
      <subfield code="a">Envelliment de la població</subfield>
   </datafield>
   <datafield tag="653" ind2=" " ind1=" ">
      <subfield code="a">Investigació quantitativa</subfield>
   </datafield>
   <datafield tag="653" ind2=" " ind1=" ">
      <subfield code="a">Models matemàtics</subfield>
   </datafield>
   <datafield tag="653" ind2=" " ind1=" ">
      <subfield code="a">Mètodes de simulació</subfield>
   </datafield>
   <datafield tag="653" ind2=" " ind1=" ">
      <subfield code="a">Lògica borrosa</subfield>
   </datafield>
   <datafield tag="653" ind2=" " ind1=" ">
      <subfield code="a">COVID-19</subfield>
   </datafield>
   <datafield tag="653" ind2=" " ind1=" ">
      <subfield code="a">Population aging</subfield>
   </datafield>
   <datafield tag="653" ind2=" " ind1=" ">
      <subfield code="a">Quantitative research</subfield>
   </datafield>
   <datafield tag="653" ind2=" " ind1=" ">
      <subfield code="a">Mathematical models</subfield>
   </datafield>
   <datafield tag="653" ind2=" " ind1=" ">
      <subfield code="a">Simulation methods</subfield>
   </datafield>
   <datafield tag="653" ind2=" " ind1=" ">
      <subfield code="a">Fuzzy logic</subfield>
   </datafield>
   <datafield ind2="0" ind1="0" tag="245">
      <subfield code="a">Los efectos olvidados de la pandemia del Covid-19, sobre el envejecimiento de la población</subfield>
   </datafield>
</record></metadata></record></GetRecord></OAI-PMH>